000 00725nam a2200241Ia 4500
005 20260430150553.0
008 008 250103s9999 xx 000 0 eng d
037 _aTheses
040 _aCRL
040 _beng
040 _ceng
041 _2eng
041 _aeng
084 _qCRL
100 _aKomolafe Adedolapo Au.; Kaushik Archana Gu.; Bhardwaj Tushti Gu.
_91237885
245 0 _aLifestyle Diseases in India and Nigeria: A Cross-Cultural Study of Illness Attribution, Quality of Life and Coping Mechanisms
260 _c2024
300 _a204p.
650 _aSocial Work
700 _aUniversity of Delhi. Faculty of Social Sciences. Deptt. of Social Work
942 _cTH
999 _c1850106
_d1850106